Tutti gli Stati che hanno controllato Calais - Statistics

Statistiche generali
  • Questo quiz è stato fatto 12 volte
    6 dall'ultimo reset
  • Il punteggio medio è 26 su 27
Statistiche sulle risposte
con Immagini Hint Risposta % Corretto
1944 - 1945 Alleati (Canada, Francia Libera)
100%
800 - 843 Impero Carolingio
100%
27 a.C. - 260 Impero Romano
100%
274 - 395 Impero Romano
100%
395 - 476 Impero Romano d'Occidente
100%
1792 - 1804 Prima Repubblica Francese
100%
1804 - 1814 Primo Impero Francese
100%
1815 Primo Impero Francese
100%
1946 - 1958 Quarta Repubblica Francese
100%
1958 - Oggi Quinta Repubblica Francese
100%
476 - 800 Regno dei Franchi
100%
1558 - 1596 Regno di Francia e di Navarra
100%
1598 - 1792 Regno di Francia e di Navarra
100%
1347 - 1558 Regno di Inghilterra
100%
1596 - 1598 Regno di Spagna
100%
1815 - 1818 Regno Unito di Gran Bretagna ed Irlanda
100%
53 a.C. - 27 a.C. Repubblica Romana
100%
1848 - 1852 Seconda Repubblica Francese
100%
1852 - 1870 Secondo Impero Francese
100%
1814 - 1815 Secondo Regno di Francia e Navarra
100%
1818 - 1848 Secondo Regno di Francia e Navarra
100%
1870 - 1940 Terza Repubblica Francese
100%
1940 - 1944 Terzo Reich (Amministrazione militare tedesca della Francia)
100%
260 - 274 Impero delle Gallie
80%
987 - 1347 Regno di Francia
80%
1945 - 1946 Governo provvisorio della Repubblica Francese
60%
843 - 987 Regno dei Franchi Occidentali
60%
Nessun quiz corrispondente trovato
Distribuzione punteggi
Percentuale di utenti per punteggio
Percentile per numero di risposta
I tuoi punteggi nel tempo
Non hai fatto questo quiz dall'ultimo reset